书目信息 |
| 题名: |
公路CAD技术
|
|
| 作者: | 许金良 , 张雨化 编著 | |
| 分册: | ||
| 出版信息: | 北京 人民卫生出版社 1999.01 |
|
| 页数: | 220页 | |
| 开本: | 32开 | |
| 丛书名: | ||
| 单 册: | ||
| 中图分类: | U412 | |
| 科图分类: | ||
| 主题词: | 道路工程 | |
| 电子资源: | ||
| ISBN: | 7-117-03120-4 | |
| 000 | 00589nam0 2200205 45 | |
| 001 | 0009071909 | |
| 005 | 20000907195006.1 | |
| 010 | @a7-117-03120-4@d14.60元 | |
| 100 | @a20000907d1999 km y0chiy0120 ea | |
| 101 | 0 | @achi |
| 105 | @a z 000yy | |
| 200 | 1 | @a公路CAD技术@AGong Lu CAD Ji Shu@f许金良,张雨化编著@FXu Jin Liang,Zhang Yu Hua Bian Zhu |
| 210 | @a北京@c人民卫生出版社@d1999.01 | |
| 215 | @a220页@d32开 | |
| 606 | 0 | @a道路工程 |
| 690 | @aU412@v3 | |
| 701 | 0 | @a许金良@4编著 |
| 701 | 0 | @a张雨化@4编著 |
| 801 | @aCN@bPftUser@c20000907 | |
| 905 | @b127381-390@dU412@eX451/1@f10 | |
| 公路CAD技术/许金良,张雨化编著.-北京:人民卫生出版社,1999.01 |
| 220页;32开 |
| ISBN 7-117-03120-4:14.60元 |
| ● |
| 相关链接 |
|
|
|
正题名:公路CAD技术
索取号:U412/X451/1
 
预约/预借
| 序号 | 登录号 | 条形码 | 馆藏地/架位号 | 状态 | 备注 |
| 1 | 127381 | 201273816 | 自科库501/501自科库 51排6列1层/ [索取号:U412/X451/1] | 在馆 | |
| 2 | 127382 | 201273825 | 自科二线504/504自科库 31排2列3层/ [索取号:U412/X451/1] | 在馆 | |
| 3 | 127383 | 201273834 | 自科二线504/504自科库 31排2列3层/ [索取号:U412/X451/1] | 在馆 | |
| 4 | 127384 | 201273843 | 自科二线504/504自科库 31排2列3层/ [索取号:U412/X451/1] | 在馆 | |
| 5 | 127385 | 201273852 | 自科二线504/504自科库 31排2列3层/ [索取号:U412/X451/1] | 在馆 | |
| 6 | 127386 | 201273861 | 自科二线504/504自科库 31排2列3层/ [索取号:U412/X451/1] | 在馆 | |
| 7 | 127387 | 201273870 | 自科二线504/504自科库 31排2列3层/ [索取号:U412/X451/1] | 在馆 | |
| 8 | 127388 | 201273889 | 土木与交通工程学院资料室/土木与交通学院资料室 1排1列1层/ [索取号:U412/X451/1] | 在馆 | |
| 9 | 127389 | 201273898 | 自科二线504/504自科库 31排2列3层/ [索取号:U412/X451/1] | 在馆 | |
| 10 | 127390 | 201273905 | 自科二线504/504自科库 31排2列3层/ [索取号:U412/X451/1] | 在馆 |